[Event "Cali Masificacion op"]
[Site "Cali"]
[Date "2021.12.28"]
[Round "4"]
[White "Gonzalez Velasco, Leandro"]
[Black "Guerrero, Ever"]
[Result "1-0"]
[WhiteElo "1917"]
[BlackElo "2079"]
[PlyCount "63"]
[EventDate "2021.12.26"]
[EventType "swiss"]
[EventRounds "7"]
[EventCountry "COL"]
[SourceTitle "CBM 205 Extra"]
[Source "ChessBase"]
[SourceDate "2022.01.31"]
[SourceVersion "1"]
[SourceVersionDate "2022.01.31"]
[SourceQuality "1"]

1. e4 d6 2. d4 Nf6 3. Nc3 e5 4. Nf3 Nbd7 5. Be2 c6 6. 0-0 Qc7 7. a4 Be7 8. h3 0-0 9. Be3 Re8 10. Qd2 Bf8 11. d5 cxd5 12. Nxd5 Nxd5 13. Qxd5 Nf6 14. Qd3 d5 15. Nd2 Rd8 16. Bg5 dxe4 17. Qg3 Kh8 18. Bxf6 gxf6 19. Nxe4 Bg7 20. c3 Bf5 21. Qf3 Bg6 22. Nxf6 Rd2 23. Nd5 Qc5 24. c4 e4 25. Qg4 f5 26. Qh4 Rxe2 27. Nf4 Rxb2 28. Nxg6+ Kg8 29. Ne7+ Kf7 30. Nd5 Re8 31. Qh5+ Kf8 32. Qxf5+ 1-0

[Event "Cali Menor 2100 op 11th"]
[Site "Cali"]
[Date "2009.12.28"]
[Round "4.1"]
[White "Guerrero, Ever"]
[Black "Dominguez, Oscar Alberto"]
[Result "0-1"]
[WhiteElo "2092"]
[BlackElo "1755"]
[PlyCount "62"]
[EventDate "2009.12.26"]
[EventType "swiss"]
[EventRounds "8"]
[EventCountry "COL"]
[SourceTitle "EXT 2024"]
[Source "ChessBase"]
[SourceDate "2023.10.10"]
[SourceVersion "1"]
[SourceVersionDate "2023.10.10"]
[SourceQuality "1"]

1. c4 Nf6 2. Nc3 g6 3. e4 d6 4. g3 Bg7 5. Bg2 0-0 6. Nge2 e5 7. d3 Nh5 8. Be3 f5 9. f3 f4 10. Bf2 c6 11. Qb3 Qe7 12. c5+ Be6 13. Qa3 d5 14. exd5 fxg3 15. hxg3 Bxd5 16. Nxd5 cxd5 17. Qb3 Kh8 18. Qxd5 Nc6 19. 0-0 Rad8 20. Qc4 Qg5 21. Rad1 Nd4 22. Nxd4 exd4 23. Qc1 Rf4 24. g4 Be5 25. Rfe1 Nf6 26. Bg3 Nd5 27. Re4 Ne3 28. Re1 Rxe4 29. dxe4 Bxg3 30. Re2 Qh4 31. Bf1 Bf4 0-1

[Event "Cali op-A"]
[Site "Cali"]
[Date "2002.11.20"]
[Round "3"]
[White "Sanchez Castillo, Sarai Carolina"]
[Black "Guerrero, Ever"]
[Result "0-1"]
[WhiteElo "2180"]
[BlackElo "2194"]
[PlyCount "97"]
[EventDate "2002.11.19"]
[EventType "swiss"]
[EventRounds "8"]
[EventCountry "COL"]
[SourceTitle "EXT 2004"]
[Source "ChessBase"]
[SourceDate "2003.11.25"]
[SourceVersion "1"]
[SourceVersionDate "2003.11.25"]
[SourceQuality "1"]

1. e4 c5 2. Nf3 e6 3. d4 cxd4 4. Nxd4 a6 5. Nc3 Qc7 6. Be2 b5 7. a3 Bb7 8. 0-0 Nf6 9. Bf3 Nc6 10. Re1 Ne5 11. Bf4 Bc5 12. Bg3 h5 13. h4 g5 14. hxg5 Nfg4 15. Bxg4 hxg4 16. Nb3 Bb6 17. Nd5 Bxd5 18. exd5 d6 19. dxe6 f6 20. gxf6 Qh7 21. Kf1 Qh1+ 22. Ke2 Qxg2 23. Rg1 Qe4+ 24. Kf1 Qc4+ 25. Qe2 Qxe6 26. Rd1 0-0-0 27. Bxe5 dxe5 28. Rxd8+ Kxd8 29. Qxg4 Qxf6 30. Qg5 Rf8 31. Qxf6+ Rxf6 32. Rg2 Ke7 33. Ke2 Ke6 34. f3 Kd5 35. Nd2 Rh6 36. Kd3 Rh3 37. Rg4 Bd8 38. a4 Bh4 39. axb5 axb5 40. Rb4 Kc6 41. c4 bxc4+ 42. Rxc4+ Kd5 43. b4 Be1 44. Rc5+ Ke6 45. Nc4 Bh4 46. Rxe5+ Kf6 47. Ke4 Rh1 48. Rb5 Re1+ 49. Kf4 0-1